000 00456nam a2200121Ia 4500
008 160712s9999 xx 000 0 und d
100 _aCao, Sergio S.
245 _cSergio S. Cao
_aAng Unibersidad ng Pilipinas: Una sa Paglikha ng Karunungan, Una sa Paglilingkod sa Bayan
260 _c2013
_bDaluyan: Journal ng Wikang Filipino
300 _avol. 19 no. 1
650 _xFILIPINO
856 _uhttp://journals.upd.edu.ph/index.php/djwf/issue/view/385/showToc
999 _c297294
_d297294